000 00702cam a22002413a 4500
001 4923
003 PGUSA
005 20140828083111.0
008 040101s2004||||xxu|||||s|||||000 1 eng d
040 _aPGUSA
_beng
042 _adc
050 4 _aPS
100 1 _aSinclair, Upton,
_d1878-1968
245 1 0 _aKing Midas :
_ba Romance
_h[electronic resource] /
_cUpton Sinclair
260 _bProject Gutenberg,
_c2004
500 _aPublished originally in same year under title: Springtime and harvest.
506 _aPublic domain in the USA.
516 _aElectronic text
653 _aFiction
830 0 _aProject Gutenberg
_v4923
856 4 0 _uhttp://www.gutenberg.org/ebooks/4923
942 _cEB
999 _c234252
_d234252